The first 50 digits of π - Whammies - Statistics

General Stats
  • This quiz has been taken 346 times
  • The average score is 19 of 50
Answer Stats
Answer % Correct
3
100%
1
96%
4
91%
1
86%
5
83%
9
77%
2
71%
6
66%
5
62%
3
56%
5
54%
8
50%
9
49%
7
48%
9
45%
3
42%
2
41%
3
41%
8
37%
4
35%
2
34%
6
34%
6
33%
4
30%
3
28%
3
27%
3
27%
8
27%
2
25%
7
23%
9
22%
0
21%
5
21%
2
19%
4
19%
8
19%
8
19%
1
18%
1
18%
7
18%
9
18%
6
17%
3
16%
9
16%
9
16%
3
15%
9
15%
7
13%
1
12%
5
12%
No matching quizzes found
Score Distribution
Percent of People with Each Score
Percentile by Number Answered
Your Score History
You have not taken this quiz